000 00640cam a22002411 4500
001 sa 67005683
003 DLC
005 20260227112359.0
008 891009t19671965ii bd 000 0 hino
010 _asa 67005683
035 _a(OCoLC)20458826
040 _aDLC
_cWaU
_dDLC
042 _apremarc
050 0 0 _aQK9
_b.J33 1967
100 1 _aJain, S. K.
_q(Sudhanshu Kumar),
_d1926-
245 1 0 _aVanaspati kośa.
260 _c[1967, c1965]
300 _a100 p.
_c22 cm.
500 _aIn Hindi.
504 _aBibliography: p. [99]-100.
650 0 _aBotany
_xDictionaries
_xHindi.
650 0 _aHindi language
_xDictionaries
_xLatin.
999 _c75367
_d75367